Gods of the World - Sudden Death - Statistics

General Stats
  • This quiz has been taken 213 times
    203 since last reset
  • The average score is 6 of 16
Answers on the Grid
Answers color-coded by a green-red scale on the quiz's grid according to % correct below.
Thor
Ganesha
Hector
Sekhmet
Zeus
Odysseus
Baldr
Perseus
Ceres
Poseidon
Karna
Shaka Zulu
Inti
Valmiki
Tlaloc
Ved Vyasa
Loki
Gilgamesh
Tonatiuh
Beowulf
Sif
Surya
Aquaman
Hathor
Lakshmi
Guan Yu
Sigurd
Heracles
Enkidu
Jing Ke
 
Answer Stats
Answer % Correct
Zeus
94%
Thor
90%
Poseidon
71%
Ganesha
55%
Loki
54%
Sekhmet
39%
Ceres
37%
Baldr
30%
Heracles
22%
Hathor
20%
Lakshmi
19%
Sif
18%
Inti
10%
Tlaloc
8%
Surya
5%
Tonatiuh
2%
No matching quizzes found
Score Distribution
Percent of People with Each Score
Percentile by Number Answered
Your Score History
You have not taken this quiz since the last reset